000 00542nam a22001937a 4500
003 KOHA_MİRAKIL
005 20251024141915.0
008 251024b tu ||||| |||| 00| 0 tur d
020 _a9786051141275
040 _aTR-AnABB
_btur
_cTR-AnABB
041 _atur
082 _a813.42
_bTIR 2012
100 1 _aTiryakioğlu, Okay,
245 1 0 _aYavuz Sultan Selim Han /
_cOkay Tiryakioğlu
260 _aİstanbul :
_bTimaş Yayınları,
_c2012
300 _a254 sayfa ;
_c21 cm
650 0 4 _aTürk edebiyatı, roman
942 _2ddc
_cBK
999 _c9203
_d9203
900 _bGizem YORULMAZ